[Event "Hillerod-ch Master"]
[Site "Hillerod"]
[Date "2022.05.15"]
[Round "2"]
[White "Erlandsen, Carsten"]
[Black "Brondal, Paul"]
[Result "1/2-1/2"]
[WhiteElo "2070"]
[BlackElo "2030"]
[PlyCount "110"]
[EventDate "2022.05.15"]
[EventType "tourn"]
[EventRounds "5"]
[EventCountry "DEN"]
[SourceTitle "EXT 2024"]
[Source "ChessBase"]
[SourceDate "2023.10.10"]
[SourceVersion "1"]
[SourceVersionDate "2023.10.10"]
[SourceQuality "1"]

1. d4 d5 2. c4 c6 3. Nc3 Nf6 4. Nf3 dxc4 5. a4 Bf5 6. e3 e6 7. Bxc4 Bb4 8. 0-0 Nbd7 9. Qe2 Bg6 10. Rd1 0-0 11. Ne1 Qa5 12. Bd2 Nd5 13. Bxd5 cxd5 14. Nd3 Bxd3 15. Qxd3 Rac8 16. Qb5 Bxc3 17. Bxc3 Qc7 18. Rdc1 Nf6 19. f3 Qd7 20. Bb4 Rfe8 21. Rc3 Rxc3 22. Bxc3 Rc8 23. Kf2 Qc7 24. Rc1 a6 25. Qb3 Qb8 26. Rc2 Rc6 27. Bb4 Qxh2 28. Rxc6 bxc6 29. Ba5 Nh5 30. Qb7 Qh4+ 31. Kg1 h6 32. Qxa6 Ng3 33. Bc7 Qh1+ 34. Kf2 Nf5 35. Qf1 Qh4+ 36. g3 Qe7 37. Ba5 Qg5 38. Bd2 Qxg3+ 39. Ke2 Qb8 40. Qc1 Qh2+ 41. Kd3 Ng3 42. Qe1 Qg2 43. a5 Qxf3 44. a6 Qf5+ 45. Kc3 Ne4+ 46. Kb3 e5 47. a7 Qc8 48. Qa1 Nxd2+ 49. Kc2 Qf5+ 50. Kc3 exd4+ 51. exd4 Qf3+ 52. Kxd2 Qf2+ 53. Kd3 Qf3+ 54. Kc2 Qe2+ 55. Kc3 Qe3+ 1/2-1/2

[Event "Koge Weekend-A 2nd"]
[Site "Koge"]
[Date "2021.05.16"]
[Round "4"]
[White "Brondal, Paul"]
[Black "Liu, Casper Yukun"]
[Result "0-1"]
[WhiteElo "2057"]
[BlackElo "2127"]
[PlyCount "74"]
[EventDate "2021.05.14"]
[EventType "swiss"]
[EventRounds "5"]
[EventCountry "DEN"]
[SourceTitle "EXT 2023"]
[Source "ChessBase"]
[SourceDate "2022.10.05"]
[SourceVersion "1"]
[SourceVersionDate "2022.10.05"]
[SourceQuality "1"]

1. c4 Nf6 2. g3 c6 3. Nf3 d5 4. b3 Bg4 5. Bg2 e6 6. Bb2 Nbd7 7. d4 Bb4+ 8. Nfd2 0-0 9. a3 Bd6 10. 0-0 Qe7 11. Nc3 e5 12. dxe5 Bxe5 13. Nf3 dxc4 14. bxc4 Rad8 15. Qc2 Be6 16. Nxe5 Nxe5 17. Nd5 Bxd5 18. cxd5 Nxd5 19. Rad1 Nb6 20. Qf5 Nec4 21. Bxg7 Kxg7 22. Be4 Rh8 23. Qg4+ Kf8 24. Qf4 h5 25. Bg6 Rxd1 26. Rxd1 Kg7 27. Bd3 Nb2 28. Rd2 Nxd3 29. Rxd3 Rd8 30. Re3 Qf6 31. Qe4 Rd1+ 32. Kg2 Qe6 33. Qc2 Qd5+ 34. Rf3 Nc4 35. e4 Rd2 36. Qb1 Qb5 37. Qa1+ Qb2 0-1

[Event "Koge Weekend-A 2nd"]
[Site "Koge"]
[Date "2021.05.15"]
[Round "3"]
[White "Moe, Mogens"]
[Black "Brondal, Paul"]
[Result "0-1"]
[WhiteElo "2154"]
[BlackElo "2057"]
[PlyCount "122"]
[EventDate "2021.05.14"]
[EventType "swiss"]
[EventRounds "5"]
[EventCountry "DEN"]
[SourceTitle "EXT 2023"]
[Source "ChessBase"]
[SourceDate "2022.10.05"]
[SourceVersion "1"]
[SourceVersionDate "2022.10.05"]
[SourceQuality "1"]

1. e4 c5 2. Nf3 d6 3. d4 cxd4 4. Nxd4 Nf6 5. Nc3 a6 6. Bg5 e6 7. f4 Be7 8. Qf3 Qc7 9. 0-0-0 Nbd7 10. g4 b5 11. a3 Bb7 12. Bxf6 Nxf6 13. g5 Nd7 14. h4 Rc8 15. Rh3 Nb6 16. h5 d5 17. g6 dxe4 18. gxf7+ Kxf7 19. Qg4 Rhd8 20. h6 g6 21. Qxe6+ Kf8 22. Bg2 Rd6 23. Qg4 Qc4 24. Bf1 Qf7 25. f5 gxf5 26. Qg7+ Qxg7 27. hxg7+ Kg8 28. Nxf5 Bg5+ 29. Kb1 Rxd1+ 30. Nxd1 Rc5 31. Nd4 Rd5 32. c3 Kxg7 33. Ne3 Bxe3 34. Rxe3 Re5 35. Kc1 Kf6 36. Bh3 Nd5 37. Rg3 Nf4 38. Kd2 e3+ 39. Ke1 Nd3+ 40. Ke2 Nxb2 41. Rxe3 Rxe3+ 42. Kxe3 Nc4+ 43. Kd3 Nxa3 44. Nb3 Bd5 45. Nc5 a5 46. Nd7+ Ke7 47. Nb6 Be6 48. Bg2 Nc4 49. Nd5+ Bxd5 50. Bxd5 Nd6 51. Bf3 a4 52. Kc2 Kf6 53. Kb2 Kg5 54. Ka3 Kf4 55. Bc6 Ke5 56. Bf3 Nc4+ 57. Ka2 Kd6 58. Bh5 Kc5 59. Be8 Nd6 60. Bh5 Ne4 61. Kb2 Nf6 0-1

[Event "Copenhagen-chB"]
[Site "Copenhagen"]
[Date "2019.12.08"]
[Round "5"]
[White "Gregor, Bjarke"]
[Black "Brondal, Paul"]
[Result "1/2-1/2"]
[WhiteElo "2080"]
[BlackElo "2076"]
[PlyCount "118"]
[EventDate "2019.12.06"]
[EventType "tourn"]
[EventRounds "5"]
[EventCountry "DEN"]
[SourceTitle "EXT 2021"]
[Source "ChessBase"]
[SourceDate "2020.10.23"]
[SourceVersion "1"]
[SourceVersionDate "2020.10.23"]
[SourceQuality "1"]

1. e4 g6 2. d4 Bg7 3. Nf3 d6 4. Nc3 a6 5. a4 b6 6. Be3 e6 7. Bd3 h6 8. Qd2 Nd7 9. Ne2 Ngf6 10. h3 Bb7 11. Ng3 c5 12. c3 d5 13. e5 Ng8 14. Qc2 Ne7 15. Nh2 c4 16. Be2 Qc7 17. 0-0 Nf5 18. b3 Nxe3 19. fxe3 Nxe5 20. dxe5 Bxe5 21. Ng4 Bxg3 22. Nf6+ Ke7 23. bxc4 dxc4 24. Bf3 Bh4 25. Ng4 Bxf3 26. Rxf3 f5 27. Raf1 h5 28. Nf2 Rhf8 29. e4 Bxf2+ 30. Qxf2 Qc5 31. Qxc5+ bxc5 32. exf5 Rxf5 33. Rxf5 gxf5 34. Rf4 Kf6 35. Rxc4 Rc8 36. Kf2 e5 37. Ke3 a5 38. g4 fxg4 39. hxg4 h4 40. Kf3 Kg5 41. Kg2 Rc6 42. Kh3 Rd6 43. Rxc5 Rd3+ 44. Kh2 Kf4 45. Rxa5 Rxc3 46. Ra8 Kxg4 47. a5 Rc2+ 48. Kg1 Ra2 49. a6 Kg3 50. Rg8+ Kf3 51. Ra8 e4 52. a7 Ke3 53. Kh1 Ke2 54. Re8 Rxa7 55. Rxe4+ Kf3 56. Rb4 Ra3 57. Kh2 Ra2+ 58. Kh3 Ra1 59. Kxh4 Rh1+ 1/2-1/2

[Event "Lund CellaVision Cup"]
[Site "Lund"]
[Date "2019.08.02"]
[Round "2"]
[White "Brondal, Paul"]
[Black "Smith, Axel"]
[Result "0-1"]
[WhiteElo "2090"]
[BlackElo "2463"]
[PlyCount "46"]
[EventDate "2019.08.02"]
[EventType "swiss"]
[EventRounds "8"]
[EventCountry "SWE"]
[SourceTitle "CBM 191 Extra"]
[Source "ChessBase"]
[SourceDate "2019.09.30"]
[SourceVersion "1"]
[SourceVersionDate "2019.09.30"]
[SourceQuality "1"]

1. e4 c5 2. Nf3 e6 3. d4 cxd4 4. Nxd4 a6 5. c4 Nf6 6. Nc3 Qc7 7. Be2 Bb4 8. 0-0 Bxc3 9. bxc3 Nxe4 10. Qd3 Nc5 11. Qe3 0-0 12. Ba3 d6 13. Nb3 b6 14. Rad1 Bb7 15. Qd4 Rd8 16. Qh4 Nbd7 17. Qe7 Ne4 18. Bxd6 Qc8 19. Be5 Nxe5 20. Rxd8+ Qxd8 21. Qxb7 Nd6 22. Qxa8 Qxa8 23. Rd1 Ne4 0-1

[Event "Hillerod-chA"]
[Site "Hillerod"]
[Date "2019.05.14"]
[Round "4"]
[White "Brondal, Paul"]
[Black "Ramkilde, Mikael"]
[Result "1-0"]
[WhiteElo "2092"]
[BlackElo "1949"]
[PlyCount "107"]
[EventDate "2019.04.23"]
[EventType "tourn"]
[EventRounds "7"]
[EventCountry "DEN"]
[SourceTitle "EXT 2020"]
[Source "ChessBase"]
[SourceDate "2019.10.17"]
[SourceVersion "1"]
[SourceVersionDate "2019.10.17"]
[SourceQuality "1"]

1. e4 e6 2. d4 d5 3. Nd2 c5 4. exd5 exd5 5. Ngf3 Nc6 6. Bb5 Bd6 7. dxc5 Bxc5 8. 0-0 Nge7 9. Nb3 Bd6 10. Re1 0-0 11. Bg5 Bg4 12. Bh4 a6 13. Be2 f6 14. Bg3 Bxg3 15. hxg3 Qc7 16. Nfd4 Bd7 17. Bg4 f5 18. Nxc6 Bxc6 19. Bf3 Rf6 20. Qd4 Re8 21. Re5 b6 22. Rae1 Kf8 23. Qc3 Qd6 24. Nd4 Bd7 25. Qe3 Kf7 26. Bh5+ g6 27. Bf3 f4 28. gxf4 h6 29. f5 Nxf5 30. Nxf5 Qxe5 31. Nxh6+ Kg7 32. Qxe5 Rxe5 33. Rxe5 Kxh6 34. Bxd5 Bf5 35. c4 a5 36. f3 Rd6 37. Kf2 Kg7 38. Ke3 Kf6 39. Kd4 Bb1 40. a3 Ba2 41. Re3 a4 42. Re8 b5 43. Kc5 Rd7 44. Kxb5 Bb3 45. Re6+ Kg5 46. Kc6 Rd8 47. Kc7 Rf8 48. g3 Kf5 49. Re7 Kf6 50. Rd7 g5 51. c5 Bc2 52. Rd8 Rxd8 53. Kxd8 Ke5 54. Bb7 1-0

[Event "Bronshoj-ch A"]
[Site "Bronshoj"]
[Date "2016.06.08"]
[Round "9"]
[White "Brondal, Paul"]
[Black "Kistrup, Nicolai"]
[Result "1/2-1/2"]
[WhiteElo "2070"]
[BlackElo "2053"]
[PlyCount "37"]
[EventDate "2016.03.17"]
[EventType "swiss"]
[EventRounds "9"]
[EventCountry "DEN"]
[SourceTitle "EXT 2024"]
[Source "ChessBase"]
[SourceDate "2023.10.10"]
[SourceVersion "1"]
[SourceVersionDate "2023.10.10"]
[SourceQuality "1"]

1. c4 c5 2. g3 Nc6 3. Bg2 g6 4. Nc3 Bg7 5. Nf3 e6 6. 0-0 Nge7 7. d4 cxd4 8. Nb5 d5 9. cxd5 Nxd5 10. Nbxd4 0-0 11. e4 Nde7 12. Be3 Qa5 13. Qe2 b6 14. Rfd1 Ba6 15. Qd2 Rfd8 16. Qxa5 Nxa5 17. b3 Rd7 18. Bf1 Bxf1 19. Kxf1 1/2-1/2

[Event "Bronshoj-ch A"]
[Site "Bronshoj"]
[Date "2016.05.19"]
[Round "7"]
[White "Andersen, Soren Mikkel"]
[Black "Brondal, Paul"]
[Result "1-0"]
[WhiteElo "2129"]
[BlackElo "2070"]
[PlyCount "81"]
[EventDate "2016.03.17"]
[EventType "swiss"]
[EventRounds "9"]
[EventCountry "DEN"]
[SourceTitle "EXT 2024"]
[Source "ChessBase"]
[SourceDate "2023.10.10"]
[SourceVersion "1"]
[SourceVersionDate "2023.10.10"]
[SourceQuality "1"]

1. d4 d5 2. c4 c6 3. Nf3 Nf6 4. Nc3 dxc4 5. a4 Bf5 6. Ne5 Nbd7 7. Nxc4 Qc7 8. g3 e5 9. dxe5 Nxe5 10. Bf4 Nfd7 11. Bg2 g5 12. Ne3 gxf4 13. Nxf5 0-0-0 14. Qc2 Nc5 15. 0-0 fxg3 16. hxg3 a5 17. Rad1 h5 18. Rxd8+ Qxd8 19. Ne4 Nxe4 20. Qxe4 Qf6 21. Rc1 Bb4 22. Nd4 Rd8 23. e3 Rd6 24. Qh7 Ng4 25. Rc2 Be1 26. Qf5+ Kb8 27. Bf3 Qg6 28. Qf4 Ka7 29. Nf5 Rf6 30. e4 Nh6 31. Qe3+ Ka8 32. Qxe1 Nxf5 33. Qxa5+ Kb8 34. Qd8+ Ka7 35. Qa5+ Kb8 36. exf5 Rxf5 37. Qd8+ Ka7 38. Be4 Qg5 39. Qd4+ c5 40. Qd7 Qe7 41. Qxe7 1-0

[Event "Bronshoj-ch A"]
[Site "Bronshoj"]
[Date "2016.04.29"]
[Round "5"]
[White "Petersen, Steen Brustrup"]
[Black "Brondal, Paul"]
[Result "1/2-1/2"]
[WhiteElo "2111"]
[BlackElo "2070"]
[PlyCount "55"]
[EventDate "2016.03.17"]
[EventType "swiss"]
[EventRounds "9"]
[EventCountry "DEN"]
[SourceTitle "EXT 2024"]
[Source "ChessBase"]
[SourceDate "2023.10.10"]
[SourceVersion "1"]
[SourceVersionDate "2023.10.10"]
[SourceQuality "1"]

1. c4 Nf6 2. g3 e5 3. Bg2 d5 4. cxd5 Nxd5 5. Nc3 Nb6 6. Nf3 Nc6 7. 0-0 Be7 8. a3 0-0 9. b4 Be6 10. Rb1 f6 11. d3 a5 12. b5 Nd4 13. Nxd4 exd4 14. Na4 Ba2 15. Nxb6 cxb6 16. Bxb7 Ra7 17. Bc6 Bxb1 18. Qb3+ Kh8 19. Bb2 Bxd3 20. Qxd3 Bc5 21. Rc1 Qd6 22. a4 Re7 23. Rc4 Rd8 24. Be4 Qe5 25. Bf3 Qd6 26. Be4 Qe5 27. Bf3 Qd6 28. Be4 1/2-1/2

[Event "Bronshoj-ch A"]
[Site "Bronshoj"]
[Date "2016.04.09"]
[Round "3"]
[White "Rostgaard, Tobias Valentin"]
[Black "Brondal, Paul"]
[Result "1/2-1/2"]
[WhiteElo "2222"]
[BlackElo "2070"]
[PlyCount "52"]
[EventDate "2016.03.17"]
[EventType "swiss"]
[EventRounds "9"]
[EventCountry "DEN"]
[SourceTitle "EXT 2024"]
[Source "ChessBase"]
[SourceDate "2023.10.10"]
[SourceVersion "1"]
[SourceVersionDate "2023.10.10"]
[SourceQuality "1"]

1. c4 c6 2. Nf3 d5 3. g3 Bg4 4. Bg2 e6 5. 0-0 Nd7 6. cxd5 exd5 7. d3 Ngf6 8. Bf4 Bc5 9. h3 Bh5 10. Nbd2 0-0 11. g4 Bg6 12. Bg3 Qe7 13. Nh4 Rfe8 14. e4 dxe4 15. dxe4 Rad8 16. Nxg6 hxg6 17. a3 Ne5 18. Qc2 Bb6 19. Kh1 Nd3 20. f4 Qc5 21. Qxc5 Nxc5 22. e5 Rxd2 23. exf6 gxf6 24. Rae1 Rxe1 25. Bxe1 Rd1 26. Bc3 Rxf1+ 1/2-1/2

[Event "Copenhagen Challenge"]
[Site "Ballerup"]
[Date "2015.05.03"]
[Round "8"]
[White "Vatnestrom, Leo Andreas Giske"]
[Black "Brondal, Paul"]
[Result "0-1"]
[WhiteElo "1483"]
[BlackElo "2103"]
[PlyCount "56"]
[EventDate "2015.04.29"]
[EventType "swiss"]
[EventRounds "9"]
[EventCountry "DEN"]
[SourceTitle "CBM 166 Extra"]
[Source "ChessBase"]
[SourceDate "2015.06.18"]
[SourceVersion "1"]
[SourceVersionDate "2015.06.18"]
[SourceQuality "1"]

1. e4 c6 2. Nc3 d5 3. Nf3 Bg4 4. exd5 cxd5 5. h3 Bh5 6. Bb5+ Nc6 7. g4 Bg6 8. Ne5 Qd6 9. d4 a6 10. Bxc6+ bxc6 11. Bf4 Qe6 12. Qe2 f6 13. Nxg6 Qxe2+ 14. Kxe2 hxg6 15. f3 e6 16. Kf2 Kf7 17. Na4 g5 18. Bd2 Bd6 19. Rae1 Ne7 20. Re2 Ng6 21. b3 Rac8 22. Nc5 Bxc5 23. dxc5 e5 24. Kg3 Nf8 25. b4 Ne6 26. c3 Ra8 27. Rb1 Rhb8 28. Rb2 Nxc5 0-1

[Event "Copenhagen Challenge"]
[Site "Ballerup"]
[Date "2015.05.02"]
[Round "7"]
[White "Brondal, Paul"]
[Black "Skovgaard, Ib"]
[Result "0-1"]
[WhiteElo "2103"]
[BlackElo "1999"]
[PlyCount "146"]
[EventDate "2015.04.29"]
[EventType "swiss"]
[EventRounds "9"]
[EventCountry "DEN"]
[SourceTitle "CBM 166 Extra"]
[Source "ChessBase"]
[SourceDate "2015.06.18"]
[SourceVersion "1"]
[SourceVersionDate "2015.06.18"]
[SourceQuality "1"]

1. d4 d5 2. c4 c6 3. Nf3 Nf6 4. Nc3 dxc4 5. a4 Bg4 6. Ne5 Bh5 7. Nxc4 e6 8. g3 Bb4 9. Bg2 0-0 10. 0-0 Qe7 11. Qc2 Rd8 12. Rd1 a5 13. f3 Na6 14. e4 c5 15. Nb6 cxd4 16. Nb5 d3 17. Qf2 d2 18. Bxd2 Rxd2 19. Rxd2 Bc5 20. Nxa8 Bxf2+ 21. Kxf2 Nb4 22. Rc1 Nc6 23. Nb6 g5 24. Nd6 e5 25. Nbc8 Qe6 26. Nf5 h6 27. Ncd6 Qb3 28. Nxh6+ Kh7 29. Nhf5 Qb6+ 30. Kf1 Nd4 31. Nc4 Qb3 32. Nxd4 exd4 33. g4 Bg6 34. Rxd4 Qxa4 35. Rcd1 Qb5 36. Kf2 Qc5 37. Bf1 Qc7 38. Nd6 b6 39. Rc4 Qe7 40. Rd2 Qe5 41. Ke1 Qf4 42. Rc3 Qe5 43. Nc4 Qe6 44. Rd6 Qe7 45. Rxb6 Nd5 46. Rcb3 Nxb6 47. Rxb6 Qc5 48. Be2 Qg1+ 49. Bf1 Qxh2 50. Rb5 Qg3+ 51. Ke2 a4 52. Ra5 Qb8 53. Rxa4 Qb5 54. b3 Qxb3 55. Ra3 Qxc4+ 56. Rd3 Kg7 57. Kd2 Qc7 58. Be2 Kf6 59. Rd5 Qa7 60. Rb5 Ke7 61. Rd5 Qa3 62. Rd3 Qb2+ 63. Ke3 f6 64. Rd2 Qb6+ 65. Rd4 Be8 66. Bc4 Ba4 67. Be2 Bc2 68. Bc4 Qc5 69. Bd3 Bd1 70. Bc4 Bxf3 71. Kd3 Be2+ 72. Kc3 Bxg4 73. e5 Qxe5 0-1

[Event "Borup Skovbo op"]
[Site "Borup"]
[Date "2014.09.13"]
[Round "7"]
[White "Pedersen, Henrik Dahl"]
[Black "Brondal, Paul"]
[Result "1/2-1/2"]
[WhiteElo "2188"]
[BlackElo "2052"]
[PlyCount "137"]
[EventDate "2014.09.05"]
[EventType "swiss"]
[EventRounds "9"]
[EventCountry "DEN"]
[SourceTitle "CBM 162 Extra"]
[Source "ChessBase"]
[SourceDate "2014.10.17"]
[SourceVersion "1"]
[SourceVersionDate "2014.10.17"]
[SourceQuality "1"]

1. d4 Nf6 2. Nf3 e6 3. Bg5 d5 4. e3 Nbd7 5. Ne5 Be7 6. Bxf6 Bxf6 7. Nxd7 Bxd7 8. Bd3 c5 9. c3 Qb6 10. Qb3 Qc7 11. Bb5 c4 12. Bxd7+ Qxd7 13. Qc2 0-0 14. 0-0 b5 15. Nd2 a5 16. e4 b4 17. f4 bxc3 18. bxc3 Rab8 19. Rab1 Qc7 20. e5 Be7 21. Rxb8 Rxb8 22. f5 Rb6 23. Qa4 Qc6 24. Qxc6 Rxc6 25. fxe6 fxe6 26. Rb1 Kf7 27. Kf2 Bd8 28. Rb7+ Rc7 29. Rb8 Ke7 30. Ke2 Kd7 31. Kd1 Rc8 32. Rb7+ Bc7 33. Ke2 Kc6 34. Rb1 Rf8 35. Nf3 Rf5 36. h4 h6 37. Kd2 g6 38. Ke3 Rf8 39. Nh2 Bd8 40. g3 Be7 41. a4 h5 42. Rb5 Ra8 43. Nf3 Kc7 44. Ng1 g5 45. Nf3 gxh4 46. gxh4 Ba3 47. Ng5 Bc1+ 48. Kf3 Rf8+ 49. Kg3 Rg8 50. Rxa5 Bxg5 51. hxg5 Rxg5+ 52. Kh4 Rg4+ 53. Kxh5 Rg3 54. Ra7+ Kd8 55. Ra8+ Ke7 56. a5 Rxc3 57. Kg5 Rg3+ 58. Kf4 Ra3 59. a6 Kf7 60. a7 Kg7 61. Re8 Rxa7 62. Rxe6 Rc7 63. Ra6 c3 64. Ra1 Kf7 65. Kf5 c2 66. Rc1 Ke7 67. Kf4 Rc3 68. Kf5 Rf3+ 69. Kg4 1/2-1/2

[Event "Borup Skovbo op"]
[Site "Borup"]
[Date "2014.09.11"]
[Round "5"]
[White "Brondal, Paul"]
[Black "Rosenkilde, Alexander"]
[Result "0-1"]
[WhiteElo "2052"]
[BlackElo "2228"]
[PlyCount "114"]
[EventDate "2014.09.05"]
[EventType "swiss"]
[EventRounds "9"]
[EventCountry "DEN"]
[SourceTitle "CBM 162 Extra"]
[Source "ChessBase"]
[SourceDate "2014.10.17"]
[SourceVersion "1"]
[SourceVersionDate "2014.10.17"]
[SourceQuality "1"]

1. e4 c5 2. Nf3 Nc6 3. d4 cxd4 4. Nxd4 Nf6 5. Nc3 e5 6. Ndb5 d6 7. Bg5 a6 8. Na3 b5 9. Nd5 Be7 10. Bxf6 Bxf6 11. c4 b4 12. Nc2 Rb8 13. b3 Bg5 14. g3 0-0 15. Bg2 Be6 16. 0-0 Bxd5 17. Qxd5 Qb6 18. Kh1 Rfd8 19. f4 Bf6 20. Rad1 a5 21. Qd3 Qc5 22. Ne3 g6 23. Nd5 Bg7 24. Qe3 a4 25. f5 Qxe3 26. Nxe3 axb3 27. axb3 Nd4 28. Rd3 Ra8 29. Nd5 Rdb8 30. fxg6 fxg6 31. Nc7 Ra3 32. Nb5 Rxb3 33. Rxb3 Nxb3 34. Rb1 Nd2 35. Rxb4 Bh6 36. Ra4 Be3 37. h4 Bc5 38. Ra6 Nxc4 39. Bf1 Nd2 40. Bd3 Nxe4 41. Bxe4 Rxb5 42. Ra8+ Kg7 43. Rd8 Rb4 44. Bc6 e4 45. Re8 Rb1+ 46. Kh2 Rb2+ 47. Kh3 e3 48. Kg4 Rf2 49. Kg5 h6+ 50. Kg4 Bd4 51. Re7+ Kf6 52. Re4 h5+ 53. Kh3 Rd2 54. g4 Be5 55. g5+ Kf5 56. Bd7+ Kxe4 57. Bf5+ gxf5 0-1

[Event "Borup Skovbo op"]
[Site "Borup"]
[Date "2014.09.06"]
[Round "3"]
[White "Brondal, Paul"]
[Black "Bekker Jensen, Simon"]
[Result "1/2-1/2"]
[WhiteElo "2052"]
[BlackElo "2442"]
[PlyCount "46"]
[EventDate "2014.09.05"]
[EventType "swiss"]
[EventRounds "9"]
[EventCountry "DEN"]
[SourceTitle "CBM 162 Extra"]
[Source "ChessBase"]
[SourceDate "2014.10.17"]
[SourceVersion "1"]
[SourceVersionDate "2014.10.17"]
[SourceQuality "1"]

1. c4 Nf6 2. Nc3 g6 3. e4 d6 4. g3 Bg7 5. Bg2 0-0 6. Nge2 c5 7. 0-0 Nc6 8. d3 a6 9. h3 Rb8 10. f4 Bd7 11. Be3 b5 12. Qd2 Na5 13. cxb5 axb5 14. e5 Ne8 15. Ne4 b4 16. Rac1 f5 17. Ng5 Nc7 18. d4 Bb5 19. dxc5 dxe5 20. Qc2 Nc4 21. Qb3 e4 22. Rxc4 Qd5 23. Rc2 Bd3 1/2-1/2

[Event "Copenhagen Challenge"]
[Site "Ballerup"]
[Date "2014.05.17"]
[Round "6"]
[White "Brondal, Paul"]
[Black "Yin, Zixiao"]
[Result "1/2-1/2"]
[WhiteElo "2078"]
[BlackElo "2020"]
[PlyCount "32"]
[EventDate "2014.05.14"]
[EventType "swiss"]
[EventRounds "9"]
[EventCountry "DEN"]
[SourceTitle "CBM 160 Extra"]
[Source "ChessBase"]
[SourceDate "2014.07.01"]
[SourceVersion "1"]
[SourceVersionDate "2014.07.01"]
[SourceQuality "1"]

1. c4 c6 2. g3 Nf6 3. Bg2 g6 4. e4 d6 5. Nc3 Na6 6. d3 Bg7 7. Nge2 h5 8. Bg5 Nc5 9. h3 Qb6 10. Rb1 e5 11. Be3 Qc7 12. 0-0 h4 13. g4 Ne6 14. d4 g5 15. d5 Nf4 16. f3 0-0 1/2-1/2

[Event "Copenhagen Challenge"]
[Site "Ballerup"]
[Date "2014.05.15"]
[Round "3"]
[White "Petrovski, Petruli"]
[Black "Brondal, Paul"]
[Result "0-1"]
[WhiteElo "1866"]
[BlackElo "2078"]
[PlyCount "58"]
[EventDate "2014.05.14"]
[EventType "swiss"]
[EventRounds "9"]
[EventCountry "DEN"]
[SourceTitle "CBM 160 Extra"]
[Source "ChessBase"]
[SourceDate "2014.07.01"]
[SourceVersion "1"]
[SourceVersionDate "2014.07.01"]
[SourceQuality "1"]

1. Nf3 Nf6 2. c4 g6 3. b4 Bg7 4. Bb2 0-0 5. g3 b6 6. Bg2 Bb7 7. 0-0 d5 8. cxd5 Nxd5 9. Bxg7 Kxg7 10. Qb3 e6 11. Nc3 Qe7 12. Nxd5 exd5 13. Qc3+ f6 14. Rac1 Rc8 15. Bh3 Nd7 16. Nd4 c5 17. Ne6+ Kf7 18. Qe3 Kg8 19. Qh6 f5 20. Ng5 cxb4 21. Rb1 a5 22. Rb3 Nc5 23. Re3 Ne4 24. f4 d4 25. Rd3 Nxg5 26. fxg5 Qe4 27. Rff3 Qxe2 28. Bf1 Rc1 29. Rxd4 Rxf1+ 0-1